Marketing decision (Record no. 30368)
[ view plain ]
| 000 -LEADER | |
|---|---|
| fixed length control field | 00267nam a2200109Ia 4500 |
| 082 ## - DEWEY DECIMAL CLASSIFICATION NUMBER | |
| Classification number | 339.138 |
| Item number | ODE |
| 100 ## - MAIN ENTRY--AUTHOR NAME | |
| Personal name | ODell, William F |
| 245 #0 - TITLE STATEMENT | |
| Title | Marketing decision |
| 260 ## - PUBLICATION, DISTRIBUTION, ETC. (IMPRINT) | |
| Place of publication | Bombay |
| Name of publisher | Taraporevala |
| Year of publication | 1977 |
| 942 ## - ADDED ENTRY ELEMENTS (KOHA) | |
| Koha item type | Books |
| Withdrawn status | Lost status | Damaged status | Not for loan | Home library | Current library | Date acquired | Cost, normal purchase price | Full call number | Accession Number | Koha item type |
|---|---|---|---|---|---|---|---|---|---|---|
| RRII Library | RRII Library | 16/12/2021 | 49.00 | 339.138 ODE | 10940 | Books |